[Event "Stepanakert Petrosian Memorial"]
[Site "Stepanakert"]
[Date "2004.03.13"]
[Round "5"]
[White "Sargissian, Gabriel"]
[Black "Sveshnikov, Evgeny"]
[Result "1/2-1/2"]
[WhiteElo "2618"]
[BlackElo "2557"]
[Annotator "Lutz,C"]
[PlyCount "61"]
[EventDate "2004.03.09"]
[EventType "tourn"]
[EventRounds "9"]
[EventCountry "ARM"]
[EventCategory "13"]
[SourceTitle "CBM 100"]
[Source "ChessBase"]
[SourceDate "2004.06.01"]
[SourceVersion "1"]
[SourceVersionDate "2004.06.01"]
[SourceQuality "1"]

1. d4 d5 2. c4 e6 3. Nf3 Nf6 4. Nc3 c6 5. e3 Nbd7 6. Qc2 Bd6 7. g4 Bb4 8. Bd2
Qe7 9. Rg1 Bxc3 10. Bxc3 Ne4 11. O-O-O Nxc3 12. Qxc3 O-O (12... dxc4 {1/2-1/2
Aleksandrov,A-Lautier,J/Poikovsky 2004/CBM 100/[Lutz] (34)}) 13. g5 {
Möglicherweise ist 13.Qc2 etwas flexibler, da Weiß ohnehin die Aufstellung
Qc2-Bd3 einnehmen muss, um eine Schwächung des schwarzen Königsflügels zu
provozieren.} (13. Qc2 {1-0 Nielsen,P-Rogozenko,D/Germany 2004/CBM 100/[Lutz] 
(31)}) 13... dxc4 14. Bxc4 b5 15. Bd3 Bb7 16. Qc2 g6 17. Be4 Rab8 18. Kb1 c5
19. Bxb7 Rxb7 20. dxc5 Nxc5 21. Ne5 {Der weiße Springer soll nach g4 und dann
f6 oder h6, aber Schwarz erlangt ebenfalls Gegenspiel.} Rc7 22. h4 (22. Ng4
Qxg5 23. Qc3 f5 24. Qe5 Rc6 25. f4 Qh4 {ergibt nichts für Weiß.}) (22. f4 {
verläuft ähnlich wie in der Partie, jedoch mit f2-f4 statt h2-h4, z.B.} Rfc8
23. Ng4 Na4 24. Qe4 Rc2 25. Qe5 Qc7 26. Qxc7 R2xc7 27. Nf6+ Kg7 28. Rd2 $14)
22... Rfc8 23. Ng4 Na4 24. Qe4 Rc2 25. Qe5 Qc7 26. Nf6+ (26. Qxc7 {war
vielleicht vorzuziehen, z.B.} R2xc7 (26... R8xc7 $2 27. Nf6+ Kf8 (27... Kg7 28.
Ne8+) 28. Rd8+ Ke7 29. Re8+ Kd6 30. Rd1+ Ke5 31. Rd5#) 27. Rd2 {, und dieses
Endspiel erscheint mir etwas besser für Weiß.}) 26... Kf8 27. Nxh7+ Ke7 28.
Qf6+ {Weiß forciert das Unentschieden.} (28. Qxc7+ R8xc7 {ist nur für Weiß
gefährlich.}) 28... Ke8 29. Qh8+ Ke7 30. Qf6+ Ke8 31. Qh8+ 1/2-1/2

[Event "Poikovsky Karpov 05th"]
[Site "Poikovsky"]
[Date "2004.03.19"]
[Round "3"]
[White "Bologan, Viktor"]
[Black "Grischuk, Alexander"]
[Result "1-0"]
[WhiteElo "2679"]
[BlackElo "2719"]
[Annotator "Lutz,C"]
[PlyCount "87"]
[EventDate "2004.03.17"]
[EventType "tourn"]
[EventRounds "9"]
[EventCountry "RUS"]
[EventCategory "18"]
[SourceTitle "CBM 100"]
[Source "ChessBase"]
[SourceDate "2004.06.01"]
[SourceVersion "1"]
[SourceVersionDate "2004.06.01"]
[SourceQuality "1"]

1. d4 Nf6 2. c4 e6 3. Nf3 d5 4. Nc3 c6 5. e3 a6 6. c5 {Dieser Zug erlangte
durch eine Partie aus dem Match Kasparov-X3D Fritz allgemeine Bekanntheit.
Weiß erobert Raum am Damenflügel, Schwarz kann entweder langsam ...e6-e5
vorbereiten oder aber direkt ...b7-b6 spielen.} Nbd7 (6... b6 $5 7. cxb6 c5 8.
Bd3 Qxb6 9. O-O Nbd7 10. Bc2 Bd6 11. e4 dxe4 12. Nxe4 Nxe4 13. Bxe4 Bb7 14.
Bxb7 Qxb7 15. dxc5 Bxc5 16. b3 O-O 17. Bb2 Be7 18. Rc1 Bf6 19. Qe2 Bxb2 20.
Qxb2 Nf6 $11 {Gavrikov,V-Kallai,G (Mazatlan rapid 1988)}) 7. b4 g6 {Mit diesem
Zug bereitet Schwarz den Gegenstoß im Zentrum ...e6-e5 vor.} (7... a5 $2 8. b5
e5 9. Qa4 Qc7 10. Ba3 e4 $6 11. Nd2 Be7 12. b6 $18 {1-0 Kasparov,G-Comp Fritz
X3D/New York 2003/CBM 98/[Lutz] (45)}) 8. Bb2 Bg7 9. Be2 O-O 10. O-O Qc7 11.
Na4 {Verhindert das sofortige ...e6-e5.} ({Nach} 11. Qc2 {kann Schwarz gemäß
Bologan in NEW IN CHESS 3/2004 sofort ausgleichen:} e5 $1 (11... Re8 12. e4
Nxe4 13. Nxe4 dxe4 14. Qxe4 Nf6 15. Qc2 Nd5 16. a3 a5 17. bxa5 Rxa5 18. Nd2 Bd7
19. Nc4 Ra7 20. Bc3 Rea8 $132 {Donner,H-Wade,R (München 1954)}) 12. e4 (12.
dxe5 Nxe5 13. Nxe5 Qxe5 14. Nb5 Qe7 15. Nd6 Ne4 $11) 12... exd4 13. Nxd4 Nxe4
14. Nxe4 dxe4 15. Qxe4 Nf6 16. Qh4 Nd5 $11) 11... Ne4 12. Ne1 (12. Nd2 $5 Nxd2
13. Qxd2 e5 14. dxe5 Bxe5 15. Bxe5 Nxe5 16. Nb6 Rb8 17. a4 $14 {(V.Bologan)})
12... e5 13. dxe5 Nxe5 14. f3 Nf6 15. Nb6 Rb8 16. Bd4 $2 ({Bologan war mit dem
Partiezug im Nachhinein nicht mehr zufrieden und schlug stattdessen} 16. Nc2
Re8 17. Qd2 Be6 18. Nd4 Rbd8 19. Rad1 {mit weißem Vorteil vor.}) 16... Re8 17.
Qd2 Ned7 18. Nd3 Nxb6 (18... Nh5 $1 19. Nxc8 Rbxc8 20. f4 Bxd4 21. exd4 Ng7 22.
Ne5 f6 $11 {(V.Bologan)}) 19. cxb6 Qe7 20. Nc5 Nh5 (20... Nd7 $5 $11 {(V.
Bologan)}) 21. Rfe1 Qd8 $2 {Schwarz will den Pb6 erobern, aber damit hat er
keinen Erfolg.} (21... Bh6 $5 22. Bf1 Ng7 $132 {(V.Bologan)}) 22. Bf1 Bxd4 23.
exd4 Be6 (23... Rxe1 24. Rxe1 Qxb6 25. g4 Ng7 26. Qf4 Ra8 27. Re7 $18 {(V.
Bologan)}) 24. Re5 $1 Ng7 (24... Qxb6 25. Rxh5 gxh5 26. Qg5+ Kf8 27. Qh6+ Ke7
28. Re1 {(V.Bologan) , und Weiß erhält mächtigen Angriff.}) 25. Na4 {Weiß kann
nun einfach den Bauern decken und behält positionellen Vorteil dank der
schwarzfeldrigen Felderschwächen im Lager des Nachziehenden.} Qd7 26. Rae1 c5
$2 {Grischuk will mit Gewalt ausbrechen, macht dadurch aber die Dinge nur noch
schlimmer.} 27. Nxc5 Qc6 28. b5 Qxb6 (28... axb5 29. Qa5 Ra8 30. Qxb5 $16 {
(V.Bologan)}) 29. bxa6 bxa6 30. Nxa6 Rbc8 31. Qb4 $6 {Eine Ungenauigkeit.
Beide Seiten waren schon in Zeitnot, wodurch sich einige Fehler einschleichen.}
(31. Nc5 $1 Nf5 32. Rc1 {hätte Weiß laut Bologan deutlichen Vorteil eingeräumt.
}) 31... Qa7 32. a4 $2 (32. Bb5 $1 {(V.Bologan)}) 32... Nf5 33. Rd1 Re7 $2 (
33... Bd7 $1 34. Rxe8+ Bxe8 35. a5 Ne3 36. Re1 Nc4 37. Nc5 Qxa5 $11 {(V.
Bologan)}) 34. a5 Rb7 35. Qd2 Re7 $2 (35... Rb3 $1) 36. g4 Nd6 37. Nc5 $18 Rxc5
38. dxc5 Qxc5+ 39. Kg2 Qa3 40. Re3 Qa4 41. a6 Re8 42. Qd4 Nc4 43. Bxc4 dxc4 44.
a7 1-0

[Event "Biel GM"]
[Site "Biel"]
[Date "1999.07.23"]
[Round "5"]
[White "Avrukh, Boris"]
[Black "Piket, Jeroen"]
[Result "0-1"]
[WhiteElo "2588"]
[BlackElo "2635"]
[Annotator "Lutz,C"]
[PlyCount "96"]
[EventDate "1999.07.19"]
[EventType "tourn"]
[EventRounds "10"]
[EventCountry "SUI"]
[EventCategory "14"]
[SourceTitle "CBM 072"]
[Source "ChessBase"]
[SourceDate "1999.10.01"]
[SourceVersion "1"]
[SourceVersionDate "1999.10.01"]
[SourceQuality "1"]

1. d4 d5 2. c4 c6 3. Nc3 Nf6 4. e3 e6 5. Nf3 Nbd7 6. Qc2 Bd6 7. b3 O-O 8. Bb2
b6 9. Bd3 Bb7 10. O-O Rc8 11. Rad1 Qc7 12. e4 dxc4 (12... dxe4 13. Nxe4 Nxe4
14. Bxe4 f5 15. Bd3 c5 16. d5 $5) 13. Bxc4 e5 14. Ne2 c5 15. dxe5 $6 (15. d5
$14 {ist vorteilhaft für Weiß, da die schwarzen Leichtfiguren am Damenflügel
passiv stehen und ...b6-b5 nicht zu realisieren ist. Weiß kann Ng3-f5 mit
Angriff am Königsflügel versuchen.}) 15... Nxe5 16. Nxe5 Bxe5 17. Bxe5 Qxe5 18.
f3 Rfd8 19. Rd3 g6 20. Rfd1 Rxd3 21. Qxd3 Kg7 22. Qc3 Qxc3 23. Nxc3 {Weiß
steht optisch attraktiver, allerdings ist sein Vorteil nicht greifbarer Natur.}
Bc6 24. Nb5 Bxb5 25. Bxb5 Rc7 26. Rd8 g5 27. Kf2 Re7 28. Ke3 Nh5 29. g3 Nf6 30.
g4 h5 31. h4 $2 {Weiß überspannt den Bogen.} gxh4 32. g5 Nh7 33. f4 h3 34. Bc4
(34. e5 $5 h2 35. Rd1 f6 36. gxf6+ Nxf6 37. Kf3 Ng4 38. Rh1 $15) 34... h2 35.
Rd1 f6 36. g6 $2 (36. gxf6+ Nxf6 37. e5 Ng4+ 38. Kf3) 36... Kxg6 37. Rh1 f5 38.
Rxh2 Nf6 $19 39. Rd2 Rxe4+ 40. Kf3 Rd4 41. Rg2+ Kh6 42. Bf7 Ng4 43. Kg3 h4+ 44.
Kxh4 Rxf4 45. Kg3 Kg5 46. Re2 Re4 47. Rd2 f4+ 48. Kg2 Rd4 0-1

[Event "Chigorin Memorial 07th"]
[Site "St Petersburg"]
[Date "1999.11.02"]
[Round "1"]
[White "Shchukin, Dmitry"]
[Black "Asrian, Karen"]
[Result "0-1"]
[WhiteElo "2386"]
[BlackElo "2575"]
[Annotator "Lutz,C"]
[PlyCount "68"]
[EventDate "1999.11.02"]
[EventType "swiss"]
[EventRounds "9"]
[EventCountry "RUS"]
[SourceTitle "CBM 074"]
[Source "ChessBase"]
[SourceDate "2000.02.01"]
[SourceVersion "1"]
[SourceVersionDate "2000.02.01"]
[SourceQuality "1"]

1. d4 d5 2. c4 e6 3. Nc3 c6 4. e3 Nf6 5. Nf3 Nbd7 6. Qc2 Bd6 7. g4 e5 $5 {
Dieser Zug beinhaltet ein Bauernopfer.} 8. g5 Ne4 $146 (8... exd4 9. Nxd4 Ne4
10. Nxe4 dxe4 11. Qxe4+ Kf8 12. f4 $16 {0-1 Aranha Filho,A-Caldeira,A/Sao
Paulo 1999/EXT 2000 (60)}) 9. cxd5 $6 {Etwas schlaff. Weiß sollte sich die
schwarze Idee zeigen lassen.} (9. Nxe4 $1 dxe4 10. Qxe4 {Mein Eindruck ist,
dass Schwraz nicht genügend Ersatz für den Bauern hat.} Bb4+ {Dieser Zug sieht
wie die einzige Möglichkeit aus, überhaupt irgendwelche Kompliktionen zu
erreichen.} (10... f5 11. Qxf5 $16 {und was nun ?}) (10... O-O 11. dxe5 Nxe5
12. Nxe5 Qa5+ 13. Bd2 Qxe5 14. Bd3 $16 {mit einem Mehrbauern}) 11. Bd2 Bxd2+
12. Kxd2 (12. Nxd2 Qxg5 {und Weiß hat nichts.}) 12... O-O 13. Bd3 (13. Nxe5
Qa5+ 14. Kc2 Nxe5 15. dxe5 g6 $5 {ist noch nicht klar.}) 13... f5 14. gxf6 Nxf6
15. Qxe5 Ng4 16. Qg3 Qf6 17. Be2 c5 $5 $16 {mit etwas Gegenspiel, aber Weiß
steht besser.}) 9... Nxg5 10. Nxg5 Qxg5 11. dxc6 bxc6 12. Ne4 Bb4+ 13. Bd2
Bxd2+ 14. Qxd2 Qg6 {Nach einer längeren Abwicklung ist eine unklare Stellung
entstanden. Der Pc6 ist schwach, aber Weiß vermisst schmerzlich seinen
g-Bauern. Trotzdem hat man das Gefühl, dass Weiß besser steht.} 15. Bd3 $14 f5
16. Ng3 e4 17. Bc4 Nb6 18. Qb4 Be6 19. Bxe6 Qxe6 20. Rc1 g6 21. O-O (21. Rc5
Nd7) 21... Kf7 22. f3 $5 {Greift direkt den gegnerischen König an, öffnet aber
auch die eigene Stellung.} exf3 23. Rxf3 Rhf8 24. e4 Kg8 25. exf5 gxf5 {
Die Stellung sollte ungefähr ausgeglichen sein.} 26. Qd2 Qd5 27. Rcf1 Nc4 28.
Qg5+ Kh8 29. Rxf5 Qxd4+ 30. Kh1 Rxf5 31. Qxf5 Ne3 32. Qf6+ $6 {Dieser
natürliche Zug bringt Weiß Ärger ein.} (32. Qf4 Qxf4 (32... Qd5+ 33. Rf3) 33.
Rxf4 Rd8 34. Kg1 $11) 32... Qxf6 33. Rxf6 Rd8 {Überraschenderweise ist ...Rd1+
nun eine unangenehme Drohung.} 34. h4 $4 (34. Kg1 Rd1+ 35. Kf2 Ng4+ 36. Ke2 Rb1
$15 {ist zwar besser für Schwarz, aber Weiß sollte sich halten können.}) 34...
Rd1+ (34... Rd1+ 35. Kh2 Ng4+) 0-1

[Event "Olympiad-36"]
[Site "Mallorca"]
[Date "2004.10.29"]
[Round "14"]
[White "Gelfand, Boris"]
[Black "Dominguez Perez, Leinier"]
[Result "1/2-1/2"]
[WhiteElo "2693"]
[BlackElo "2645"]
[Annotator "Lutz,C"]
[PlyCount "58"]
[EventDate "2004.10.15"]
[EventType "team-swiss"]
[EventRounds "14"]
[EventCountry "ESP"]
[SourceTitle "CBM 104"]
[Source "ChessBase"]
[SourceDate "2005.01.27"]
[SourceVersion "1"]
[SourceVersionDate "2005.01.27"]
[SourceQuality "1"]
[WhiteTeam "Israel"]
[BlackTeam "Cuba"]
[WhiteTeamCountry "ISR"]
[BlackTeamCountry "CUB"]

1. d4 d5 2. c4 c6 3. Nc3 Nf6 4. Nf3 e6 5. e3 Nbd7 6. Qc2 Bd6 7. g4 dxc4 8. Bxc4
e5 9. Bd2 exd4 10. Nxd4 Ne5 11. Be2 Nfxg4 {Diese Art des Schlagens sieht
besser aus als 11...Bxg4, aber auch hier hat Weiß Kompensation für den Bauern.}
(11... Bxg4 {1-0 Shirov,A-Fressinet,L/Mallorca 2004/CBM 104/[Lutz] (28)}) 12.
Ne4 Be7 13. O-O-O O-O 14. Bc3 $6 {Vielleicht ist dieser Zug nicht so optimal,
da nun (wegen der Schwäche des Pe3) f2-f4 nicht mehr so leicht möglich ist.} (
14. f4 $5 {sieht vielversprechend aus. Ein paar Computer-Varianten:} Ng6 15. f5
N6e5 16. Bxg4 Nxg4 17. Rhg1 c5 (17... Nf6 18. Nxc6 bxc6 19. Bc3) 18. Nc6 $1
bxc6 19. Bc3 Bxf5 (19... Qe8 20. Rxg4 f6 21. Rdg1 Rf7 22. Bxf6 Bxf6 23. Nxf6+
Rxf6 24. Rxg7+ Kh8 25. Qc3 $18) 20. Rxd8 Rfxd8 21. h3 Nxe3 22. Qe2 Nd5 23.
Rxg7+ Kf8 24. Qh5 Bg6 25. Rxg6 fxg6 26. Qxh7 Nxc3 27. bxc3 $40) 14... Qc7 15.
Rdg1 f5 {Schwarz schafft es so, der weißen Initative am Königsflügel zu
begegnen.} 16. h3 (16. Bxg4 Nxg4 17. Ng3 Bf6) 16... Nxe3 17. fxe3 fxe4 18. Bc4+
Kh8 19. Rxg7 $6 {Spekulativ gespielt.} (19. Qxe4 {sieht 'normaler' aus, z.B.}
Bf6 20. Bb3 Bd7 21. Bc2 g6 22. h4 Rae8 23. h5 Nc4 (23... Ng4 $2 24. hxg6 Rxe4
25. Rxh7+ Kg8 26. Bb3+ $18) 24. Qd3 Ne5 25. Qe4 {mit Zugwiederholung}) 19...
Kxg7 20. Rg1+ Kh8 $6 {Die sichere Fortsetzung, die allerdings nicht das weiße
Opfer in Frage stellt.} (20... Kh6 {erscheint kritisch. Der schwarze König ist
extrem exponiert, aber Turm ist Turm! Es folgen einige Computer-Varianten:} 21.
Qxe4 (21. Qg2 Bf6 22. Be6 Bxe6 23. Nxe6 Nd3+ 24. Kb1 Qe7 $19) 21... Ng6 22. h4
{Weiß muss mit dem h-Bauern weiteres Angriffsmaterial an die Front bringen.} (
22. Bd3 Qd6 23. h4 Rf7 24. h5 Ne5 $19) 22... Bf6 23. h5 (23. Bd3 Rg8 24. h5 Qe5
25. hxg6 Qxe4 26. Bxe4 hxg6 27. Ne6 Bh4) 23... Nh4 (23... Ne7 24. Ne6 Bxe6 25.
Qxe6 $13) 24. Be6 Qh2 (24... Bxe6 25. Nxe6 Qe7 26. Rg7 $13) 25. Nf3 Qxg1+ 26.
Nxg1 Bxe6 27. Qxe6 Rae8 28. Qd7 Re7 29. Qg4 Bg5 $17 {Immerhin scheint diese
Variante nicht völlig klar zu sein, zumindest vom praktischen Standpunkt war
Gelfands Opfer also begründet.}) 21. Qg2 Bg4 22. Ne6 (22. hxg4 $2 Bf6 23. Ne6
Qb6 $1 24. Bd4 Qb4) 22... Qd6 23. Nxf8 (23. Qxe4 Bf6 24. Nxf8 Rxf8 25. hxg4
Nxc4 26. Qxc4 b5 27. Bxf6+ Rxf6 {ist etwa ausgeglichen}) 23... Bf6 24. Nxh7 $5
(24. hxg4 Rxf8 25. Qxe4 Nxc4 {führt zur vorangegangenen Variante.}) 24... Bf3
$1 {Der einzige Zug, der aber zum Unentschieden genügt.} 25. Qg3 Kxh7 26. Bxe5
Bxe5 27. Bg8+ Rxg8 28. Qxg8+ Kh6 29. Qg5+ Kh7 1/2-1/2

[Event "Politiken zt"]
[Site "Munkebo"]
[Date "1998.09.15"]
[Round "2.3"]
[White "Olafsson, Helgi"]
[Black "Stefansson, Hannes"]
[Result "0-1"]
[WhiteElo "2505"]
[BlackElo "2535"]
[Annotator "Lutz,C"]
[PlyCount "112"]
[EventDate "1998.09.10"]
[EventType "k.o."]
[EventRounds "5"]
[EventCountry "DEN"]
[SourceTitle "CBM 067"]
[Source "ChessBase"]
[SourceDate "1998.11.30"]
[SourceVersion "2"]
[SourceVersionDate "1998.11.01"]
[SourceQuality "1"]

1. d4 d5 2. c4 c6 3. e3 Nf6 4. Nc3 e6 5. Nf3 Nbd7 6. Qc2 Bd6 7. b3 O-O 8. Be2
e5 9. cxd5 cxd5 10. Nb5 Bb4+ 11. Bd2 Bxd2+ 12. Qxd2 (12. Nxd2 {ist der
Normalzug hier. Allerdings kann Weiß in der resultierenden Isolani-Stellung
auch nicht auf Vorteil hoffen.} a6 13. dxe5 Nxe5 14. Nd4 Bg4 $1 15. Bxg4 Nexg4
16. O-O Rc8 17. Qb2 Ne4 18. N2f3 Qf6 19. h3 Ne5 20. Nxe5 Qxe5 21. Rac1 g6 22.
Rc2 Rxc2 23. Qxc2 Nd6 24. Nf3 $6 Qe6 25. Nd4 Rc8 $11 26. Qd2 Ne4 27. Qb4 Qd7
28. Qb6 Qc7 29. Qxc7 Rxc7 30. f3 Ng5 31. Rf2 Rc1+ 32. Kh2 Rc3 33. Re2 Ne6 34.
Nxe6 fxe6 35. e4 dxe4 36. Rxe4 Kf7 37. Rd4 Ke7 {1/2-1/2 Arencibia,W-Fridman,D/
Linares 1997/CBM 58/[Lutz] (37)}) 12... Ne4 $146 {Dies sieht vernünftiger aus
als 12...e4.} (12... e4 13. Ne5 Qe7 14. Qc3 Nxe5 15. dxe5 Nd7 16. Nc7 Rb8 17.
Nxd5 Qxe5 18. O-O-O Qxc3+ 19. Nxc3 Nf6 20. Rd4 Bg4 21. Re1 Bxe2 22. Rxe2 Rbe8
23. Nb5 Re5 24. Nd6 b6 25. Rc2 $16 h5 26. h4 a5 27. a4 Rb8 28. Kd1 Rd8 29. Ke1
Re6 30. Rc6 Rb8 31. Rcc4 g6 32. Ke2 Kf8 33. Rc7 Rxd6 34. Rxd6 Ne8 35. Rdc6 {
1/2-1/2 Tregubov,P-Zontakh,A/St.Petersburg op2 1994/EXP 43}) 13. Qb2 a6 14. Na3
$6 {Mit einem derartigen Springer kann Weiß nicht auf Vorteil hoffen.} (14. Nc3
Nxc3 15. Qxc3 e4 $11) 14... exd4 15. exd4 (15. Nxd4 Ndf6 $11) 15... Qa5+ 16. b4
Qb6 17. O-O Ndf6 18. Ne5 $6 (18. Nc2 {/\ Ne3}) 18... Nd6 $15 {Wegen des Na3
steht Schwarz etwas besser.} 19. Rac1 Bd7 20. Rfd1 Ba4 21. Re1 Bb5 22. Rc5 (22.
Nxb5 axb5 {/\ ...Ne4}) 22... Bxe2 23. Rxe2 (23. Qxe2 Nde4) 23... Nde4 24. Rcc2
a5 $6 (24... Rac8 $15 {Weiß hat Probleme mit seinem Springer.}) 25. b5 $2 {
Weiß nutzt seine Chance nicht.} (25. bxa5 Qxa5 26. Nb5 $11 {Der Springer darf
nicht am Rand verkümmern.}) 25... h6 26. Nd3 Rac8 27. f3 $2 (27. Re1 $142)
27... Nd6 $2 (27... Nc3 $142 $1 28. Red2 Qxd4+ 29. Kh1 Rfe8 $19) 28. Nc5 Rfe8
29. Rxe8+ Rxe8 30. Re2 Rc8 31. Re5 Qd8 32. Re1 b6 33. Nd3 Nc4 34. Qc1 Qd7 35.
h4 Nxa3 36. Qxa3 Qxb5 $17 37. Ne5 Re8 38. Rc1 Qe2 39. g4 Nh7 40. Qc3 Nf8 41.
Re1 Qb5 42. Rc1 Ne6 43. Kf2 Qa4 44. Nc6 Qxa2+ 45. Rc2 Qa4 46. Re2 {Natürlich
steht Weiß mit seinen zwei Minusbauern auf Verlust. Es geschieht aber noch
Erstaunliches.} Kh8 (46... Kf8 47. Ne5 f6 $19) 47. Ne5 Kg8 48. Nc6 Qb5 $6 {
Dies erschwert den Gewinn beträchtlich.} 49. f4 Kh8 50. f5 Rc8 $2 {Jetzt kann
Weiß ein Unentschieden erzwingen.} (50... Nc7 $5) 51. fxe6 Rxc6 52. exf7 Rf6+
53. Qf3 $1 Rxf3+ 54. Kxf3 Qd3+ 55. Kf2 Qxd4+ 56. Kf3 $4 (56. Kf1 $142 Qf4+ 57.
Rf2 Qc4+ 58. Re2 Qf4+ 59. Rf2 $11) 56... Qf6+ 0-1

[Event "United Insurance 5th"]
[Site "Dhaka"]
[Date "2001.03.01"]
[Round "10"]
[White "Barsov, Alexei"]
[Black "Sandipan, Chanda"]
[Result "1-0"]
[WhiteElo "2500"]
[BlackElo "2431"]
[Annotator "Lutz,C"]
[PlyCount "103"]
[EventDate "2001.02.19"]
[EventType "tourn"]
[EventRounds "13"]
[EventCountry "BAN"]
[EventCategory "8"]
[SourceTitle "CBM 082"]
[Source "ChessBase"]
[SourceDate "2001.05.17"]
[SourceVersion "1"]
[SourceVersionDate "2001.05.17"]
[SourceQuality "1"]

1. d4 d5 2. c4 e6 3. Nc3 c6 4. e3 Nf6 5. Nf3 Nbd7 6. Qc2 Bd6 7. g4 Bb4 $5 {
Gelfands Rezept gegen den Shabalov-Angriff erfreut sich großer Beliebtheit,
obwohl (wie die Partie zeigt) Schwarz keineswegs ein sorgenfreies Leben hat.}
8. Bd2 Qe7 9. Rg1 (9. a3 $6 Bxc3 10. Bxc3 b6 $1 11. Bd3 Ba6 12. Qa4 dxc4 $1 13.
Qxa6 cxd3 14. Qxd3 $6 O-O 15. g5 Nd5 16. Bd2 f5 $1 $17 {0-1 Gelfand,B-Kramnik,
V/Berlin 1996/CBM 55/[Lutz] (28)}) 9... b6 10. cxd5 cxd5 $5 (10... exd5 $5 11.
Bd3 Bb7 12. O-O-O O-O 13. g5 Bxc3 14. Bxc3 Ne4 15. Ne5 Nxe5 16. Bxe4 dxe4 17.
dxe5 c5 18. Rd6 Rad8 19. Qd2 Rxd6 20. exd6 Qe6 21. b3 Rd8 22. Ba1 Qxd6 23. Qc3
Qg6 24. h4 h5 25. Qe5 Ba6 26. Bc3 Be2 27. Kb2 a5 28. Rc1 Kh7 29. Ka1 Bg4 30.
Kb2 Rd7 31. Rc2 Bd1 32. Rc1 Be2 33. Qe8 Bb5 34. Qf8 Rd5 35. Rc2 Bd3 36. Rd2 b5
$17 37. Ka1 a4 $2 38. bxa4 bxa4 $2 39. Rb2 $1 $18 Rxg5 40. hxg5 Qxg5 41. Rb8 f6
42. Kb2 h4 43. Rb7 a3+ 44. Kxa3 c4 45. Qxf6 {1-0 Hort,V-Zhu Chen/Munich 2000/
CBM 78 (45)}) (10... Nxd5 $5 11. Nxd5 cxd5 12. Rc1 O-O 13. Bd3 Nf6 14. Bxb4
Qxb4+ 15. Qc3 Qe7 16. Ne5 Ne4 17. Bxe4 {1/2-1/2 Wells,P-Wach,M/Passau 1998/EXT
99 (17)}) 11. Bd3 Bb7 12. g5 Bxc3 $2 {Das führt schnell zu einer trostlosen
Stellung.} ({Besser gefällt mir eine Idee, die mit einem Bauernopfer verbunden
ist.} 12... Ne4 $5 13. Nxe4 dxe4 14. Bxe4 Rc8 15. Qb3 Bxd2+ 16. Nxd2 Bxe4 17.
Nxe4 O-O 18. Ke2 f5 {Schwarz hat Spiel für den Bauern, da der weiße König
unsicher steht.} 19. Nd2 f4 20. Rac1 Rxc1 21. Rxc1 fxe3 22. Qxe3 Qd6 23. h4 e5
24. Rc4 Qd5 25. b3 b5 26. Rc7 Qd6 27. Rxa7 exd4 28. Qd3 Nc5 29. Qg3 d3+ 30. Ke1
Qd4 31. Kf1 Nxb3 32. Rxg7+ Kxg7 33. axb3 Rf4 34. h5 b4 35. f3 Qe3 36. Qf2 Qxf2+
37. Kxf2 Rf5 38. Ne4 d2 39. Ke2 Rxf3 40. Nxd2 Rh3 41. Nf3 Rxh5 42. Ke3 Kg6 43.
Kf4 Rh3 44. Ne5+ Kh5 {0-1 Markovic,M-Sedlak,N/Subotica 2000/CBM 76 (44)}) 13.
Qxc3 Ne4 14. Qc7 Nxd2 15. Kxd2 Bc8 (15... Qb4+ 16. Ke2 Qxb2+ 17. Nd2 Bc8 18. a3
$1 {, und die schwarze Dame ist gefangen !}) 16. Rac1 O-O 17. a3 $16 Re8 18.
Qf4 e5 19. Nxe5 Nxe5 20. Qxe5 Qxe5 21. dxe5 Rxe5 22. Rc7 $18 {Jetzt hat Weiß
alles , was er will: Kontrolle über die c-Linie, Spiel gegen den Isolani,
Raumvorteil am Königsflügel. Die Stellung ist technisch gewonnen.} a5 23. Kc3
Re8 24. Kd4 g6 25. Rgc1 Bf5 26. Bxf5 gxf5 27. f3 f4 28. exf4 Re2 29. R1c2 Rae8
30. h4 h5 31. f5 Re1 32. Kxd5 R8e5+ 33. Kc6 Rxf5 34. Kxb6 Rb1 35. R7c5 Rf4 36.
R5c4 Rxb2+ 37. Kxa5 Rf5+ 38. Rc5 Rxc5+ 39. Rxc5 Rb3 40. a4 Rxf3 41. Kb6 Rf4 42.
a5 Rxh4 43. a6 Re4 44. Rc8+ Kg7 45. a7 Ra4 46. a8=Q Rxa8 47. Rxa8 Kg6 48. Rg8+
Kh7 49. Rc8 Kg6 50. Kc5 Kxg5 51. Kd4 Kf4 52. Rh8 1-0